The salomon (Record no. 132988)
[ view plain ]
| 000 -LEADER | |
|---|---|
| fixed length control field | 01094cam4a220028900 4500 |
| 001 - CONTROL NUMBER | |
| control field | tmp15761608 |
| 003 - CONTROL NUMBER IDENTIFIER | |
| control field | UPRA |
| 005 - DATE AND TIME OF LATEST TRANSACTION | |
| control field | 20190822112411.0 |
| 007 - PHYSICAL DESCRIPTION FIXED FIELD--GENERAL INFORMATION | |
| fixed length control field | sdubmmennuuune |
| 008 - FIXED-LENGTH DATA ELEMENTS--GENERAL INFORMATION | |
| fixed length control field | 951023s1958 enk u |
| 028 02 - PUBLISHER OR DISTRIBUTOR NUMBER | |
| Publisher or distributor number | ALP 1626 H.M.V. |
| Source | ALP 1626 H.M.V. |
| 035 ## - SYSTEM CONTROL NUMBER | |
| System control number | (Sirsi) r51192 |
| 035 ## - SYSTEM CONTROL NUMBER | |
| System control number | (UPRA)tmp15761608 |
| 040 ## - CATALOGING SOURCE | |
| Transcribing agency | UPRA |
| 041 0# - LANGUAGE CODE | |
| Language code of accompanying material other than librettos | eng |
| 100 1# - MAIN ENTRY--PERSONAL NAME | |
| Personal name | Haydn, Joseph, 1732-1809. |
| Dates associated with a name | Haydn, Joseph, 1732-1809. |
| Linkage | A9084.1 |
| 240 ## - UNIFORM TITLE | |
| Uniform title | 10a26.1..1.11 n26.1..13.9 r26.1..23.8 |
| Medium | Sound recording |
| 245 14 - TITLE STATEMENT | |
| Title | The salomon |
| Medium | [sound recording] : |
| Remainder of title | [Symphony] no. 97 in C major. |
| 260 ## - PUBLICATION, DISTRIBUTION, ETC. | |
| Place of publication, distribution, etc. | Hayes, Middlesex : |
| Name of publisher, distributor, etc. | H.M.V., |
| Date of publication, distribution, etc. | 1958. |
| 500 ## - GENERAL NOTE | |
| General note | Sleeve notes by Leonard Duck. |
| 511 0# - PARTICIPANT OR PERFORMER NOTE | |
| Participant or performer note | Royal Philharmonic Orchestra conducted by Sir Thomas Beecham. |
| 650 #0 - SUBJECT ADDED ENTRY--TOPICAL TERM | |
| Topical term or geographic name entry element | Symphonies -- To 1800. |
| Chronological subdivision | Symphonies -- To 1800. |
| Linkage | S6140.1 |
| 700 1# - ADDED ENTRY--PERSONAL NAME | |
| Personal name | Beecham, Thomas, Sir, 1879-1961. |
| Titles and other words associated with a name | Beecham, Thomas, Sir, 1879-1961. |
| Dates associated with a name | Beecham, Thomas, Sir, 1879-1961. |
| Linkage | A9135.1 |
| 710 2# - ADDED ENTRY--CORPORATE NAME | |
| Corporate name or jurisdiction name as entry element | Royal Philharmonic Orchestra. |
| Linkage | A9137.1 |
| 949 ## - LOCAL PROCESSING INFORMATION (OCLC) | |
| a | M1001 |
| w | lcc |
| i | -64912 |
| m | MAIN |
| t | BOOK |
| l | ON-SHELF |
No items available.